¡Mucho gusto! (Registro nro. 9285)

Detalles MARC
000 -LIDER
fixed length control field 00603nam a2200205 4500
003 - IDENTIFICACDOR DE NÚMERO DE CONTROL
control field DO-SdBNP
005 - DATE AND TIME OF LATEST TRANSACTION
control field 20160317132506.0
008 - ELEMENTOS DE LONGITUD FIJA
fixed length control field 160317b 1988 mnu xxu||||| |||| 00| 0 spa d
020 ## - ISBN
International Standard Book Number 0821902466
040 ## - FUENTE DE CATALOGACIÓN
Agencia que crea de manera original el registro BPMSU
Idioma de catalogación spa
Agencia que realiza la transcripción BPMSU
092 ## - LOCALLY ASSIGNED DEWEY DECIMAL CALL NUMBER
Número de clasificación xxxx
Número de ítem (Cutter) xxxx
100 1# - ASIENTO PRINCIPAL -- NOMBRE PERSONAL
Nombre personal Brett, Robert J.
245 1# - MENCIÓN DE TITULO
Título ¡Mucho gusto!
Mención de responsabilidad Robert J. Brett ; editor James F. Funston.
260 ## - PUBLICACIÓN, DISTRIBUCIÓN, ETC. (PIE DE IMPRENTA)
Lugar de publicación, distribución, etc Saint Paul, Minnesota :
Nombre del editor, distribuidor, etc. EMC Publishing,
Fecha de publicación, distribución, etc 1988.
300 ## - DESCRIPCIÓN FÍSICA
Extensión xiv, 402 p. :
Otros detalles físicos il., mapas, retrs. ;
Dimensiones 28 cm.
700 12 - ASIENTO SECUNDARIO -- NOMBRE PERSONAL
Nombre personal Funston, James F.,
Mención de responsabilidad ed.
910 ## - VALIDACIÓN
Validación 00260
942 ## - ADDED ENTRY ELEMENTS (KOHA)
Source of classification or shelving scheme Dewey Decimal Classification
Koha item type Libros
956 ## - LOCAL ELECTRONIC LOCATION AND ACCESS (OCLC)
Método de acceso LOPEREZ
Materiales especificados 10
Existencias
Withdrawn status Lost status Source of classification or shelving scheme Damaged status Not for loan Collection code Home library Current library Date acquired Source of acquisition Total Checkouts Barcode Date last seen Price effective from Koha item type
    Dewey Decimal Classification       Biblioteca Pública Metropolitana Salomé Ureña Biblioteca Pública Metropolitana Salomé Ureña 03/17/2016 FUNDI   BPMSU16030160 03/17/2016 03/17/2016 Libros